Лесной комплекс Иркутской области. 2016 (Запись № 10865413)

Подробности
000 -МАРКЕР
контрольное поле 01378nam2a2200253 4500
001 - ИДЕНТИФИКАТОР ЗАПИСИ
контрольное поле RU\NLR\BIBL_A\011596703
005 - ИДЕНТИФИКАТОР ВЕРСИИ
контрольное поле 20250626095247.0
010 ## - МЕЖДУНАРОДНЫЙ СТАНДАРТНЫЙ НОМЕР КНИГИ (ISBN)
Номер (ISBN) 978-5-9500603-2-8
Тираж 17
021 ## - НОМЕР ГОСУДАРСТВЕННОЙ РЕГИСТРАЦИИ
Код страны Российская Федерация
Номер 2017-96254
Номер Листа государственной регистраци 6919
035 ## - ДРУГИЕ СИСТЕМНЫЕ НОМЕРА
Идентификатор записи (NLR Aleph) 011596703
100 ## - ДАННЫЕ ОБЩЕЙ ОБРАБОТКИ
Данные общей обработки 20180117d2017 |||y0rusy50 ca
101 0# - ЯЗЫК РЕСУРСА
Язык текста, звукозаписи и т.д. русский
102 ## - СТРАНА ПУБЛИКАЦИИ ИЛИ ПРОИЗВОДСТВА
Страна публикации Российская Федерация
105 ## - ПОЛЕ КОДИРОВАННЫХ ДАННЫХ: ТЕКСТОВЫЕ МАТЕРИАЛЫ, МОНОГРАФИЧЕСКИЕ
Кодированные данные о монографическом текстовом документе a i 000zy
200 0# - ЗАГЛАВИЕ И СВЕДЕНИЯ ОБ ОТВЕТСТВЕННОСТИ
Основное заглавие 2016
210 ## - ПУБЛИКАЦИЯ, РАСПРОСТРАНЕНИЕ И ДР.
Дата издания, распространения и т.д. 2017
Место издания, распространения и т.д. Б. м.
215 ## - ФИЗИЧЕСКАЯ ХАРАКТЕРИСТИКА
Специфическое обозначение материала и объем 88 с.
Другие сведения о физической характеристике ил., табл.
461 #0 - УРОВЕНЬ НАБОРА
Встроенное поле 001RU\NLR\BIBL_A\010664220
-- 2001#$aЛесной комплекс Иркутской области$eстатистический сборник$fФедер. служба гос. статистики, Территориал. орган Федер. службыгос. статистики по Иркут обл. ( Иркутстат)$g[редкол.: И.В. Иванова и др.]$v2016
Системный номер (АБИС) связанной записи 9579413
Место публикации Иркутск
Дата публикации 2013
Первые сведения об ответственности Федер. служба гос. статистики, Территор. орган Федер. службы гос. статистики по Иркут. обл. (Иркутскстат)
Имя издателя, распространителя и т.д. Иркутскстат
Сведения, относящиеся к заглавию статистический сборник
Физическая характеристика 20
Заглавие Лесной комплекс Иркутской области
Номер тома 2016
852 ## - МЕСТОНАХОЖДЕНИЕ И ШИФР ХРАНЕНИЯ
Идентификатор организации NLR
Шифр хранения (Call Number) 2014-4/4323
942 ## - ДОПОЛНИТЕЛЬНЫЕ ЭЛЕМЕНТЫ ЗАПИСИ (АБИС)
Тип экземпляра АБИС Книга
980 ## - КОЛЛЕКЦИЯ
Название коллекции Национальная библиография
Экземпляры
Тип экземпляра Дата поступления Источник поступления Библиотека постоянного хранения Библиотека текущего хранения Место хранения Шифр хранения Штрих-код Статус экземпляра
Книга 17.01.2018 Обязательный экземпляр РНБ (Московский) РНБ (Московский) Русский книжный фонд: издания с 1957 года 2014-4/4323 1-2147978  
Книга 17.01.2018 Обязательный экземпляр РНБ (Московский) РНБ (Московский) Русский книжный фонд: издания с 1957 года 2014-4/4323 1-2147979